Introduction

Saved in:
Bibliographic Details
Main Authors: Hüsken, Ute (Author) , Simon, Udo (Author)
Format: Chapter/Article Conference Paper Editorial
Language:English
Published: 2016
In: The ambivalence of Denial
Year: 2016, Pages: 7-21
Subjects:
Online Access: Get full text
Author Notes:Ute Hüsken and Udo Simon

MARC

LEADER 00000caa a2200000 c 4500
001 1556465645
003 DE-627
005 20220813160004.0
007 tu
008 170410s2016 xx ||||| 00| ||eng c
035 |a (DE-627)1556465645 
035 |a (DE-576)486465640 
035 |a (DE-599)BSZ486465640 
035 |a (OCoLC)1340972763 
040 |a DE-627  |b ger  |c DE-627  |e rda 
041 |a eng 
084 |a 25  |2 sdnb 
084 |a 0  |2 ssgn 
100 1 |a Hüsken, Ute  |d 1965-  |e VerfasserIn  |0 (DE-588)115858083  |0 (DE-627)610242032  |0 (DE-576)311314333  |4 aut 
245 1 0 |a Introduction  |c Ute Hüsken and Udo Simon 
264 1 |c 2016 
300 |a 15 
336 |a Text  |b txt  |2 rdacontent 
337 |a ohne Hilfsmittel zu benutzen  |b n  |2 rdamedia 
338 |a Band  |b nc  |2 rdacarrier 
655 7 |a Konferenzschrift  |0 (DE-588)1071861417  |0 (DE-627)826484824  |0 (DE-576)433375485  |2 gnd-content 
700 1 |a Simon, Udo  |e VerfasserIn  |4 aut 
773 0 8 |i Enthalten in  |t The ambivalence of Denial  |d Wiesbaden : Harrassowitz Verlag, 2016  |g (2016), Seite 7-21  |h 315 Seiten  |w (DE-627)847397203  |w (DE-576)473854422  |z 3447105704  |z 9783447105705  |7 nnam  |a Introduction 
773 1 8 |g year:2016  |g pages:7-21  |g extent:15  |a Introduction 
951 |a AR 
992 |a 20170410 
993 |a Editorial 
994 |a 2013 
998 |g 115858083  |a Hüsken, Ute  |m 115858083:Hüsken, Ute  |d 910000  |d 950000  |d 950950  |e 910000PH115858083  |e 950000PH115858083  |e 950950PH115858083  |k 0/910000/  |k 1/910000/950000/  |k 2/910000/950000/950950/  |p 1  |x j 
999 |a KXP-PPN1556465645  |e 2964757828 
BIB |a Y 
JSO |a {"title":[{"title_sort":"Introduction","title":"Introduction"}],"id":{"eki":["1556465645"]},"recId":"1556465645","person":[{"family":"Hüsken","display":"Hüsken, Ute","given":"Ute","role":"aut"},{"family":"Simon","given":"Udo","role":"aut","display":"Simon, Udo"}],"physDesc":[{"extent":"15 S."}],"origin":[{"dateIssuedKey":"2016","dateIssuedDisp":"2016"}],"language":["eng"],"relHost":[{"physDesc":[{"extent":"315 Seiten","noteIll":"Illustrationen","noteFormat":"24 cm"}],"name":{"displayForm":["edited by Ute Hüsken and Udo Simon"]},"part":{"extent":"15","pages":"7-21","year":"2016","text":"(2016), Seite 7-21"},"corporate":[{"role":"pbl","display":"Otto Harrassowitz GmbH & Co. KG"}],"origin":[{"publisherPlace":"Wiesbaden","publisher":"Harrassowitz Verlag","dateIssuedKey":"2016","dateIssuedDisp":"2016"}],"language":["eng"],"disp":"IntroductionThe ambivalence of Denial","type":{"bibl":"edited-book"},"title":[{"title":"The ambivalence of Denial","title_sort":"ambivalence of Denial","subtitle":"danger and appeal of rituals"}],"id":{"isbn":["3447105704","9783447105705"],"eki":["847397203"]},"recId":"847397203","person":[{"family":"Hüsken","role":"edt","given":"Ute","display":"Hüsken, Ute"},{"family":"Simon","display":"Simon, Udo Gerald","given":"Udo Gerald","role":"edt"}]}],"name":{"displayForm":["Ute Hüsken and Udo Simon"]},"type":{"bibl":"chapter"}} 
SRT |a HUESKENUTEINTRODUCTI2016